Statistiques concernant Communes de la Seine-et-Marne

Cliquez ici pour prendre le quiz!

Statistiques générales

  • Ce quiz a été pris 60 fois
  • Le résultat moyen est 49 sur 534

Réponses sur la Carte

Les réponses sont colorées sur une échelle allant du rouge au vert en fonction du pourcentage des utilisateurs qui les ont devinées à leur premier essai. Vous pouvez retrouver ces pourcentages ci-dessous.
 

Statistiques - réponses

Code CommuneRéponse% Correct
77288Melun
96%
77284Meaux
88%
77186Fontainebleau
82%
77108Chelles
73%
77468Torcy
67%
77111Chessy
59%
77379Provins
59%
77445Savigny-le-Temple
55%
77390Roissy
53%
77243Lagny
51%
77131Coulommiers
49%
77053Brie-Comte-Robert
47%
77373Pontault-Combault
47%
77014Avon
45%
77305Montereau-Faut-Yonne
45%
77333Nemours
45%
77058Bussy-Saint-Georges
43%
77152Dammarie-les-Lys
43%
77183La Ferté-sous-Jouarre
43%
77285Le Mée-sur-Seine
43%
77350Ozoir-la-Ferrière
43%
77449Serris
43%
77083Champs
41%
77118Claye-Souilly
39%
77251Lieusaint
37%
77258Lognes
37%
77337Noisiel
37%
77171Esbly
35%
77294Mitry-Mory
35%
77296Moissy-Cramayel
33%
77327Nangis
33%
77142Crécy-en-Brie
31%
77153Dammartin-en-Goële
31%
77479Vaires-sur-Marne
31%
77037Bois-le-Roi
29%
77067Cesson
29%
77122Combs-la-Ville
29%
77215Gretz
29%
77307Montévrain
29%
77407Saint-Fargeau
29%
77470Tournan-en-Brie
29%
77018Bailly-Romainvilliers
27%
77182La Ferté-Gaucher
27%
77269Maincy
27%
77495Vert-Saint-Denis
27%
77514Villeparisis
27%
77169Émerainville
24%
77316Moret-sur-Loing
24%
77121Collégien
22%
77330Nanteuil-lès-Meaux
22%
77464Thorigny-sur-Marne
22%
77475Trilport
22%
77022Barbizon
20%
77079Champagne-sur-Seine
20%
77099Château-Landon
20%
77132Coupvray
20%
77249Lésigny
20%
77276Mareuil-lès-Meaux
20%
77317Mormant
20%
77326Nandy
20%
77450Servon
20%
77487Vaux-le-Pénil
20%
77059Bussy-Saint-Martin
18%
77139Courtry
18%
77146Croissy-Beaubourg
18%
77175Évry-les-Châteaux
18%
77192Fontenay-Trésigny
18%
77257Lizy-sur-Ourcq
18%
77268Magny-le-Hongre
18%
77372Pomponne
18%
77378Pringy
18%
77433Saints
18%
77055Brou-sur-Chantereine
16%
77123Compans
16%
77127Coubert
16%
77176Faremoutiers
16%
77384Réau
16%
77394Rubelles
16%
77419Saint-Mammès
16%
77438Saint-Thibault-des-Vignes
16%
77214Gressy
14%
77222Guignes
14%
77234Jablines
14%
77100Le Châtelet-en-Brie
14%
77363Le Pin
14%
77320Mouroux
14%
77349Othis
14%
77371Pommeuse
14%
77382Quincy-Voisins
14%
77420Saint-Mard
14%
77034Blandy
12%
77051Bray-sur-Seine
12%
77085Chanteloup
12%
77096Chartrettes
12%
77107Chaumes-en-Brie
12%
77143Crégy-lès-Meaux
12%
77181Ferrières
12%
77238Jouarre
12%
77291Le Mesnil-Amelot
12%
77292Messy
12%
77374Pontcarré
12%
77385Rebais
12%
77430Saint-Pathus
12%
77431Saint-Pierre-lès-Nemours
12%
77447Seine-Port
12%
77462Thieux
12%
77469Touquin
12%
77482Varennes-sur-Seine
12%
77493Verneuil-l’Étang
12%
77508Villeneuve-le-Comte
12%
77517Villevaudé
12%
77016Bagneaux-sur-Loing
10%
77032Beton-Bazoches
10%
77040Boissise-le-Roi
10%
77042Boissy-le-Châtel
10%
77044Bombon
10%
77048Bourron-Marlotte
10%
77049Boutigny
10%
77062Carnetin
10%
77069Chailly-en-Bière
10%
77075Chalifert
10%
77095Charny
10%
77105Chauconin
10%
77124Conches
10%
77135Courpalay
10%
77141Coutevroult
10%
77148Crouy-sur-Ourcq
10%
77154Dammartin-sur-Tigeaux
10%
77155Dampmart
10%
77219Guérard
10%
77221Guermantes
10%
77226Héricy
10%
77237Jossigny
10%
77241Juilly
10%
77210La Grande-Paroisse
10%
77389La Rochette
10%
77467La Tombe
10%
77248Lesches
10%
77264Lumigny
10%
77312Montigny-sur-Loing
10%
77318Mortcerf
10%
77359Perthes
10%
77400Saint-Augustin
10%
77413Saint-Germain-sur-Morin
10%
77442Samoreau
10%
77458Souppes-sur-Loing
10%
77474Trilbardou
10%
77513Villenoy
10%
77518Villiers-en-Bière
10%
77001Achères-la-Forêt
8%
77005Annet-sur-Marne
8%
77052Bréau
8%
77077Chambry
8%
77081Champdeuil
8%
77104Châtres
8%
77114Chevry-Cossigny
8%
77126Congis
8%
77128Couilly-Pont-aux-Dames
8%
77195Fouju
8%
77239Jouy-le-Châtel
8%
77240Jouy-sur-Morin
8%
77255Livry-sur-Seine
8%
77260Longueville
8%
77281Mauperthuis
8%
77282Mauregard
8%
77306Montereau-sur-le-Jard
8%
77315Montry
8%
77322Moussy-le-Neuf
8%
77339Noisy-sur-École
8%
77352Ozouer-le-Voulgis
8%
77354Pamfou
8%
77357Pécy
8%
77377Presles-en-Brie
8%
77393Rozay-en-Brie
8%
77415Saint-Jean-les-Deux-Jumeaux
8%
77437Saint-Soupplets
8%
77441Samois-sur-Seine
8%
77459Sourdun
8%
77510Villeneuve-Saint-Denis
8%
77521Villiers-sur-Morin
8%
77528Voisenon
8%
77533Vulaines-sur-Seine
8%
77006Arbonne
6%
77008Armentières-en-Brie
6%
77023Barcy
6%
77025Bazoches-lès-Bray
6%
77030Bellot
6%
77039Boissise-la-Bertrand
6%
77061Cannes-Écluse
6%
77094Charmentray
6%
77106Chauffry
6%
77125Condé-Sainte-Libiaire
6%
77130Coulommes
6%
77137Courtacon
6%
77144Crèvecœur-en-Brie
6%
77145Crisenoy
6%
77162Doue
6%
77166Écuelles
6%
77168Égreville
6%
77177Favières
6%
77179Féricy
6%
77185Fleury-en-Bière
6%
77188Fontaine-le-Port
6%
77201Gastins
6%
77203Germigny-l’Évêque
6%
77209Gouvernes
6%
77216Grez-sur-Loing
6%
77233Iverny
6%
77063La Celle-sur-Morin
6%
77088La Chapelle-la-Reine
6%
77365Le Plessis-Feu-Aussoux
6%
77091Les Chapelles-Bourbon
6%
77253Lissy
6%
77254Liverdy-en-Brie
6%
77259Longperrier
6%
77270Maisoncelles-en-Brie
6%
77272Maison-Rouge
6%
77277Marles-en-Brie
6%
77278Marolles-en-Brie
6%
77295Moisenay
6%
77309Monthyon
6%
77323Moussy-le-Vieux
6%
77332Nantouillet
6%
77334Nesles
6%
77343Ocquerre
6%
77344Oissery
6%
77346Ormeaux
6%
77358Penchard
6%
77368Poigny
6%
77369Poincy
6%
77381Quiers
6%
77392Rouvres
6%
77397Saâcy-sur-Marne
6%
77405Saint-Cyr-sur-Morin
6%
77404Sainte-Colombe
6%
77409Saint-Germain-Laval
6%
77427Saint-Mesmes
6%
77436Saint-Siméon
6%
77440Sammeron
6%
77443Sancy
6%
77453Sivry-Courty
6%
77463Thomery
6%
77466Tigeaux
6%
77477Ury
6%
77480Valence-en-Brie
6%
77483Varreddes
6%
77486Vaudoy
6%
77491Veneux-les-Sablons
6%
77498Vignely
6%
77507Villenauxe-la-Petite
6%
77511Villeneuve-sous-Dammartin
6%
77534Yèbles
6%
77004Andrezel
4%
77031Bernay-en-Brie
4%
77036Boisdon
4%
77038Boissettes
4%
77047Bouleurs
4%
77050Bransles
4%
77057Bussières
4%
77060Buthiers
4%
77065Cély
4%
77070Chailly-en-Brie
4%
77072Chalautre-la-Grande
4%
77073Chalautre-la-Petite
4%
77082Champeaux
4%
77103Châtillon-la-Borde
4%
77109Chenoise
4%
77120Cocherel
4%
77129Coulombs
4%
77136Courquetaine
4%
77140Coutençon
4%
77150Cuisy
4%
77151Dagny
4%
77156Darvault
4%
77159Donnemarie-en-Montois
4%
77164Échouboulains
4%
77172Esmans
4%
77173Étrépilly
4%
77194Forges
4%
77196Fresnes-sur-Marne
4%
77200Garentreville
4%
77206Giremoutiers
4%
77208Gouaix
4%
77211Grandpuits
4%
77224Hautefeuille
4%
77232Isles-lès-Villenoy
4%
77086La Chapelle-Gauthier
4%
77087La Chapelle-Iger
4%
77092La Chapelle-sur-Crécy
4%
77225La Haute-Maison
4%
77229La Houssaye-en-Brie
4%
77244Larchant
4%
77472La Trétoire
4%
77347Les Ormes-sur-Voulzie
4%
77252Limoges-Fourches
4%
77261Lorrez-le-Bocage
4%
77266Machault
4%
77273Marchémoret
4%
77280Mary-sur-Marne
4%
77283May-en-Multien
4%
77297Mondreville
4%
77300Montceaux
4%
77310Montigny-le-Guesdier
4%
77319Mortery
4%
77321Mousseaux-lès-Bray
4%
77325Mouy-sur-Seine
4%
77328Nanteau-sur-Essonne
4%
77329Nanteau-sur-Lunain
4%
77331Nanteuil-sur-Marne
4%
77338Noisy-Rudignon
4%
77351Ozouer-le-Repos
4%
77360Pézarches
4%
77375Préaux
4%
77376Précy-sur-Marne
4%
77398Sablonnières
4%
77406Saint-Denis-lès-Rebais
4%
77401Sainte-Aulde
4%
77408Saint-Fiacre
4%
77411Saint-Germain-sous-Doue
4%
77416Saint-Just
4%
77417Saint-Léger
4%
77418Saint-Loup-de-Naud
4%
77426Saint-Méry
4%
77432Saint-Rémy-la-Vanne
4%
77435Saint-Sauveur-sur-École
4%
77439Salins
4%
77457Solers
4%
77460Tancrou
4%
77471Tousson
4%
77476Trocy
4%
77478Ussy-sur-Marne
4%
77490Vendrest
4%
77494Vernou-sur-Seine
4%
77499Vilbert
4%
77505Villemareuil
4%
77512Villeneuve-sur-Bellot
4%
77515Villeroy
4%
77519Villiers-Saint-Georges
4%
77522Villiers-sur-Seine
4%
77527Voinsles
4%
77529Voulangis
4%
77530Voulton
4%
77531Voulx
4%
77002Amillis
2%
77003Amponville
2%
77007Argentières
2%
77009Arville
2%
77010Aubepierre
2%
77011Aufferville
2%
77012Augers-en-Brie
2%
77013Aulnoy
2%
77015Baby
2%
77017Bailly-Carrois
2%
77019Balloy
2%
77020Bannost
2%
77021Barbey
2%
77024Bassevelle
2%
77026Beauchery
2%
77027Beaumont-du-Gâtinais
2%
77028Beautheil
2%
77029Beauvoir
2%
77033Bezalles
2%
77035Blennes
2%
77041Boissy-aux-Cailles
2%
77043Boitron
2%
77045Bougligny
2%
77046Boulancourt
2%
77056Burcy
2%
77066Cerneux
2%
77068Cessoy-en-Montois
2%
77071Chaintreaux
2%
77074Chalautre-la-Reposte
2%
77076Chalmaison
2%
77078Chamigny
2%
77080Champcenest
2%
77084Changis-sur-Marne
2%
77097Chartronges
2%
77098Châteaubleau
2%
77101Châtenay-sur-Seine
2%
77102Châtenoy
2%
77110Chenou
2%
77112Chevrainvilliers
2%
77113Chevru
2%
77115Chevry-en-Sereine
2%
77116Choisy-en-Brie
2%
77117Citry
2%
77119Clos-Fontaine
2%
77133Courcelles
2%
77134Courchamp
2%
77138Courtomer
2%
77149Cucharmoy
2%
77157Dhuisy
2%
77158Diant
2%
77160Dontilly
2%
77161Dormelles
2%
77163Douy-la-Ramée
2%
77167Égligny
2%
77170Épisy
2%
77174Everly
2%
77178Faÿ-lès-Nemours
2%
77180Férolles-Attily
2%
77184Flagy
2%
77187Fontaine-Fourches
2%
77189Fontaine-sous-Montaiguillon
2%
77190Fontains
2%
77191Fontenailles
2%
77193Forfry
2%
77197Frétoy
2%
77198Fromont
2%
77199Fublaines
2%
77204Germigny-sous-Coulombs
2%
77205Gesvres-le-Chapitre
2%
77207Gironville
2%
77212Gravon
2%
77213Grégy-sur-Yerre
2%
77217Grisy-Suisnes
2%
77218Grisy-sur-Seine
2%
77220Guercheville
2%
77223Gurcy-le-Châtel
2%
77227Hermé
2%
77228Hondevilliers
2%
77230Ichy
2%
77231Isles-les-Meldeuses
2%
77235Jaignes
2%
77236Jaulnes
2%
77242Jutigny
2%
77054La Brosse-Montceaux
2%
77064La Celle-sur-Seine
2%
77089La Chapelle-Rablais
2%
77090La Chapelle-Saint-Sulpice
2%
77093La Chapelle-Veronge
2%
77147La Croix-en-Brie
2%
77202La Genevraye
2%
77267La Madeleine-sur-Loing
2%
77245Laval-en-Brie
2%
77246Léchelle
2%
77364Le Plessis-aux-Bois
2%
77366Le Plessis-l’Évêque
2%
77247Lescherolles
2%
77165Les Écrennes
2%
77275Les Marêts
2%
77250Leudon-en-Brie
2%
77485Le Vaudoué
2%
77256Lizines
2%
77262Louan
2%
77263Luisetaines
2%
77265Luzancy
2%
77271Maisoncelles-en-Gâtinais
2%
77274Marcilly
2%
77286Meigneux
2%
77287Meilleray
2%
77289Melz-sur-Seine
2%
77290Méry-sur-Marne
2%
77293Misy-sur-Yonne
2%
77298Mons-en-Montois
2%
77299Montarlot
2%
77301Montceaux-lès-Provins
2%
77302Montcourt-Fromonville
2%
77303Montdauphin
2%
77304Montenils
2%
77308Montgé
2%
77311Montigny-Lencoup
2%
77313Montmachoux
2%
77314Montolivet
2%
77324Moutils
2%
77335Neufmontiers-lès-Meaux
2%
77340Nonville
2%
77341Noyen-sur-Seine
2%
77342Obsonville
2%
77345Orly-sur-Morin
2%
77348Ormesson
2%
77353Paley
2%
77355Paroy
2%
77356Passy-sur-Seine
2%
77361Pierre-Levée
2%
77362Pierrelez
2%
77370Poligny
2%
77380Puisieux
2%
77383Rampillon
2%
77386Recloses
2%
77387Remauville
2%
77388Reuil-en-Brie
2%
77391Rouilly
2%
77395Rumont
2%
77396Rupéreux
2%
77399Saint-Ange-le-Viel
2%
77402Saint-Barthélémy
2%
77403Saint-Brice
2%
77410Saint-Germain-Laxis
2%
77412Saint-Germain-sur-École
2%
77414Saint-Hilliers
2%
77421Saint-Mars-en-Brie
2%
77422Saint-Martin-Chennetron
2%
77423Saint-Martin-des-Champs
2%
77424Saint-Martin-du-Boschet
2%
77425Saint-Martin-en-Bière
2%
77428Saint-Ouen
2%
77429Saint-Ouen-sur-Morin
2%
77434Saint-Sauveur-lès-Bray
2%
77444Sancy-lès-Provins
2%
77446Savins
2%
77448Sept-Sorts
2%
77451Signy-Signets
2%
77454Sognolles-en-Montois
2%
77455Soignolles-en-Brie
2%
77456Soisy-Bouy
2%
77461Thénisy
2%
77465Thoury-Férottes
2%
77473Treuzy-Levelay
2%
77481Vanvillé
2%
77484Vaucourtois
2%
77488Vaux-sous-Coulombs
2%
77489Vaux-sur-Lunain
2%
77492Verdelot
2%
77496Vieux-Champagne
2%
77497Vieux-Maisons
2%
77500Villebéon
2%
77501Villecerf
2%
77502Villegagnon
2%
77503Villegruis
2%
77504Villemaréchal
2%
77506Villemer
2%
77509Villeneuve-les-Bordes
2%
77516Ville-Saint-Jacques
2%
77520Villiers-sous-Grez
2%
77523Villuis
2%
77524Vimpelles
2%
77525Vinantes
2%
77526Vincy-Manœuvre
2%
77532Vulaines-lès-Provins
2%
77367Le Plessy-Placy
0%
77279Marolles-sur-Marne
0%
77336Neufmontiers-en-Brie
0%
77452Sigt
0%

Distribution des résultats

Percentile par nombre de réponses

% des personnes avec chaque résultat

Votre développement - résultats

Vous n’avez pas pris ce quiz